As 20 Maiores Cidades do Japão - Statistics

Estatísticas Gerais
  • Esse quiz foi jogado 71 vezes
  • A pontuação média é 8 de 20
Estatísticas das Respostas
População Cidade % Correto
9,73 mi Tóquio
98%
2,75 mi Osaka
94%
1,20 mi Hiroshima
90%
1,46 mi Kyoto
80%
2,33 mi Nagoya
65%
3,77 mi Yokohama
57%
1,52 mi Kobe
41%
1,97 mi Sapporo
39%
1,32 mi Saitama
35%
1,61 mi Fukuoka
33%
789 mil Niigata
29%
1,09 mi Sendai
20%
974 mil Chiba
16%
724 mil Okayama
14%
790 mil Hamamatsu
12%
1,53 mi Kawasaki
10%
738 mil Kumamoto
8%
939 mil Kitakyushu
4%
826 mil Sakai
4%
725 mil Sagamihara
2%
Nenhum quiz correspondente encontrado
Distribuição das Pontuações
Porcentagem de Pessoas com Cada Pontuação
Percentil de Números Respondidos
Sua Pontuação Histórica
Você não jogou esse quiz